00490nmm a2200169Ia 4500008004100000020001800041041000800059100003300067245005400100264004200154300001800196490001500214650001600229856005100245942000700296999001700303251105s9999||||xx |||||||||||||||||und|| a9788498166262 aspa aMenendez y Pelayo, Marcelino 0aHistoria de los heterodoxos españoles : Libro I a[Madrid, España] :bLinkgua, c2011 a412 páginas aReligión aReligion(s) uhttps://public.digitaliapublishing.com/a/13538 cCF c91335d91335